[Event "Piestany Pressburg op"]
[Site "Piestany"]
[Date "2007.11.16"]
[Round "3"]
[White "Hruby, Milan"]
[Black "Solanik, Igor"]
[Result "1/2-1/2"]
[WhiteElo "2069"]
[BlackElo "1831"]
[PlyCount "79"]
[EventDate "2007.11.14"]
[EventType "swiss"]
[EventRounds "7"]
[EventCountry "SVK"]
[SourceTitle "CBM 121 Extra"]
[Source "ChessBase"]
[SourceDate "2008.01.10"]
[SourceVersion "1"]
[SourceVersionDate "2008.01.10"]
[SourceQuality "1"]

1. e4 e6 2. d4 d5 3. Nc3 dxe4 4. Nxe4 Bd7 5. Nf3 Bc6 6. Bd3 Nd7 7. 0-0 Bxe4 8. Bxe4 c6 9. b3 Ngf6 10. Bd3 Bd6 11. Bb2 0-0 12. Re1 Qc7 13. Ne5 c5 14. Nxd7 Nxd7 15. dxc5 Nxc5 16. Bxh7+ Kxh7 17. Qh5+ Kg8 18. Bxg7 f5 19. Qh8+ Kf7 20. Bxf8 Bxf8 21. Qh5+ Kg8 22. Re3 Rd8 23. b4 Bg7 24. Rae1 Ne4 25. Qg6 Qf7 26. Qxf7+ Kxf7 27. Rd3 Bd4 28. Re2 e5 29. Kf1 Rc8 30. f4 Nc3 31. Red2 Ne4 32. Re2 Nc3 33. Re1 Nxa2 34. fxe5 Bb6 35. Rd7+ Ke6 36. Rd6+ Ke7 37. Rh6 Rxc2 38. Rh7+ Ke8 39. Rh8+ Ke7 40. Rh7+ 1/2-1/2